000 01223 a2200193 4500
001 48464
005 20260407155749.0
008 260407a1971 arg spa d
003 AR-UNSa-BCEJYS
040 _aAR-UNSa-BCEJYS
_bspa
_cAR-UNSa-BCEJYS
080 _a339.9
_xEconomía internacional en general. Relaciones económicas internacionales. Economía mundial
245 1 0 _aEsencia de la economía latino americana
264 1 _aBuenos Aires :
_bCuenca Ediciones
_c1971
300 _a1971
_c20 cm.
505 _a1. La economía de los países subdesarrollados - 2. La economía y sus connotaciones políticas - 3. La distribución del ingreso - 4. Régimen de tenencia y explotación de la tierra - 5. La riqueza minera y otros recursos naturales - 6. Comercio exterior - 7. El proceso de la industrialización - 8. La formación del capital - 9. El financiamiento externo - 10. Impuestos y gastos públicos - 11. El problema de la inflación - 12. Problemas demográficos - 13. La integración económica latinoamericana - 14. La planificación de la economía - 15. Una teoría económica para los países subdesarrollados.
942 _cBK
590 _aniveau_biblio:m niveau_hierar:0
100 1 _aCholvis, Francisco
999 _c4603
_d4603